1977 1623 1185 1258 1744 1537 1126 1073 1494 1071 1221 1423 1383 1853 1035 1636 1211 1463 1262 1168 1301 1787 1570 1650 1911 1599 1153 1483 1800 1294 1588 1846 1188 1196 1030 1457 1068 1761 1104 1702 1132 1147 1323 1823 1967 1957 1047 1354 1112 1687 1914 1475 1389 1620 1646 1508 1623 1064 1286 1067 1003 1807 1827 1286 1710 1081 1118 1606 1793 1000 1548 1217 1164 1115 1168 1702 1207 1222 1669 1973 1483 1003 1610 1107 1836 1842 1617 1554 1340 1230 1853 1680 1441 1094 1411 1489 1119 1494 1101 BCNSPRNW ULIB Ver.6.0+V

เปลี่ยนเป็นภาษาไทย

Change to English
 แสดงรายละเอียดบรรณานุกรม
  กลับหน้าหลัก

Brief Record : Get Marc (ISO 2709) : E-mail record : QR code < ปิดหน้าต่าง
LEADER : 00000nam 2200000uu 4500
001    13399113511
003     ULIB
008    110627s2550||||th 000 0 tha d
020    9789749450024
090    นว.^bA111ซ ล.2 2550
100 0  Angie Sage
245 00 เซ็ปติมัส ฮีป ปาฏิหาริย์หมายเลขเจ็ด 2/^cAngie Sage
250    พิมพ์ครั้งที่ 2
260    กรุงเทพฯ :^bนานมีบุ๊คส์,^c2550
300    295 หน้า
710 1  นานมีบุ๊คส์
945    ^p295^l0^i022069
995    ทศพร
999 ^a ใช้งานได้ทุกระบบ
รายการนี้ยังไม่มีแท็ก
คุณยังไม่ได้ล็อกอิน คุณสามารถมีกิจกรรมร่วมกับเว็บไซต์ได้ แต่ต้องล็อกอินก่อน ::
  ล็อกอิน

รายการสื่อสารสนเทศ

ลำดับที่ ประเภท เลขเรียก/บาร์โค้ด สถานที่ สถานะ
1. นวนิยาย
นวนิยาย
นว. A111ซ ล.2 2550 ฉ.1 
  Barcode: 022069
ห้องสมุดวิทยาเขตสวรรค์ประชารักษ์
►นวนิยาย
บนชั้น
  ขอยืม

รายการใกล้เคียง
    ผู้แต่ง [Angie Sage]

BibComment


ยังไม่เคยถูกคอมเมนท์

คอมเมนท์ทรัพยากรรายการนี้
  คอมเมนท์: เซ็ปติมัส ฮีป ปาฏ..


 Copyright 2026. Bcnsprnw @Library